000 00736nam a2200229Ia 4500
003 IN-BaIIA
008 211028s9999 xx s 000 0 eng d
020 _a978-3-642-30689-1 (Print)
020 _a978-3-642-30690-7 (Online)
040 _cIIA Library
100 _aDurr, Detlef
_939398
245 0 _aQuantum Physics Without Quantum Philosophy
_h[eBook]
260 _aHeidelberg, Berlin
_bSpringer Berlin Heidelberg
_c2013
300 _aOnline resource
650 _a Philosophy of Science
650 _a Quantum Physics
_92816
650 _aPhysics
_973
700 _aGoldstein, Sheldon
_939399
700 _aZanghi, Nino
_939400
856 _uhttp://doi.org/10.1007/978-3-642-30690-7
_yClick Here to Access eBook
942 _cEB
999 _c21269
_d21269